प्रसादोत्तर हिन्दी नाटकों में नारी / (Record no. 120537)

MARC details
000 -LEADER
fixed length control field 01198nam a22002537a 4500
005 - DATE AND TIME OF LATEST TRANSACTION
control field 20170124103159.0
010 ## - LIBRARY OF CONGRESS CONTROL NUMBER
LC control number B-187163
020 ## - INTERNATIONAL STANDARD BOOK NUMBER
Terms of availability 300.00
035 ## - SYSTEM CONTROL NUMBER
System control number B-187163
037 ## - SOURCE OF ACQUISITION
Source of stock number/acquisition Cen Lib/Ret
040 ## - CATALOGING SOURCE
Original cataloging agency DPL
Language of cataloging HN
082 ## - DEWEY DECIMAL CLASSIFICATION NUMBER
Classification number 822.08
Item number शुक्लसु
100 ## - MAIN ENTRY--PERSONAL NAME
Personal name शुक्ल, सुधांशु कुमार
9 (RLIN) 43672
245 ## - TITLE STATEMENT
Title प्रसादोत्तर हिन्दी नाटकों में नारी /
Statement of responsibility, etc सुधांशु कुमार शुक्ल
246 ## - VARYING FORM OF TITLE
Title proper/short title Prasadottar hindi natakon me nari /
Remainder of title by Sudhanshu Kumar Shukla
260 ## - PUBLICATION, DISTRIBUTION, ETC. (IMPRINT)
Place of publication, distribution, etc दिल्ली
Name of publisher, distributor, etc नवराज प्रकाशन
Date of publication, distribution, etc 2006
270 ## - ADDRESS
Address डी-439/4, गांवडी एक्स, भजनपुरा
City दिल्ली
Postal code 110053
300 ## - PHYSICAL DESCRIPTION
Extent 191पृ.
Dimensions 21सेमी(सजिल्द)
650 ## - SUBJECT ADDED ENTRY--TOPICAL TERM
Topical term or geographic name as entry element हिन्दी -- साहित्य
9 (RLIN) 90938
650 ## - SUBJECT ADDED ENTRY--TOPICAL TERM
Topical term or geographic name as entry element हिन्दी -- नाटकों में नारी का स्वरुप
9 (RLIN) 90939
650 ## - SUBJECT ADDED ENTRY--TOPICAL TERM
Topical term or geographic name as entry element Hindi literature
9 (RLIN) 90940
650 ## - SUBJECT ADDED ENTRY--TOPICAL TERM
Topical term or geographic name as entry element Hindi - plays the female form
9 (RLIN) 90941
942 ## - ADDED ENTRY ELEMENTS (KOHA)
Source of classification or shelving scheme Dewey Decimal Classification
Koha item type Hindi Books
Classification part 822.08
Call number suffix शुक्लसु
Holdings
Withdrawn status Lost status Damaged status Not for loan Home library Current library Date acquired Source of acquisition Cost, normal purchase price Total Checkouts Full call number Barcode Date last seen Date checked out Copy number Cost, replacement price Price effective from Koha item type
        Central Library Central Library 23/09/2015 Cen Lib/Ret 300.00 6 822.08 शुक्लसु B-187163 08/01/2024 15/12/2023 1 300.00 23/09/2015 Hindi Books

© Delhi Public Library
Hit Counter
free hit counter